Statistics for Least Patriotic Countries

Click here to take the quiz!

General Stats

  • This quiz has been taken 25 times
  • The average score is 4 of 10

Answer Stats

HintAnswer% Correct
1East Germany
77%
6West Germany
59%
8France
45%
9Switzerland
41%
4Poland
36%
2Latvia
32%
5Slovakia
32%
3Sweden
32%
10Czech Republic
23%
7Taiwan
18%

Score Distribution

Percentile by Number Answered

Percent of People with Each Score

Your Score History

You have not taken this quiz